000 01176nam a2200277 a 4500
001 BRCA_8752
005 20190321142930.0
008 130317s2016----u--a######---#000-0#eng-#
020 _a9781934491515
041 _aeng
_hspa
044 _au
050 4 _b.M37 2016
100 1 _aMartínez-Dávila, Roger L.
_921793
245 1 0 _aFractured faiths
_bSpanish Judaism, the inquisition, and new world identities = Las fes fracturadas : el judaísmo español, la inquisición y identidades nuevo mundiales
_cRoger L. Martínez-Dávila, Josef Díaz, Ron D. Hart ; translations english-spanish Jerry Gurulé, Enrique Lamadrid.
260 _aAlbuquerque, NM
_bFresco Books : SF Design, llc
_c2016
300 _a227 p.
_bil. (algunas a color)
_c31 cm.
500 _aIncluye glosario de términos
504 _aBibliografía : p. 219-221
546 _aTexto en : inglés y español
700 1 _aDíaz, Josef
_ecoaut.
_921794
700 1 _aHart, Ron D.
_ecoaut.
_921795
700 1 _aGurulé, Jerry
_etr.
_921796
700 1 _aLamadrid, Enrique
_etr.
_921797
740 0 _aLas fes fracturadas : el judaísmo español, la inquisición y identidades nuevo mundiales
942 _2lcc
_cB
999 _c8404
_d8404